Score 0/87 Timer 18:00
0 Plays Today
Number of Episodes Character % Correct
38Lucas Hood
100%
36Carrie Hopewell
50%
37Kai Proctor
50%
32Deva Hopewell
50%
28Gordon Hopewell
50%
32Job
50%
16Max Hopewell
50%
11Israel Proctor
50%
7Jason Hood
50%
8Leah Proctor
50%
8Daria
50%
34Sugar Bates
0%
36Brock Lotus
0%
33Clay Burton
0%
29Siobhan Kelly
0%
13Mr. Rabbit
0%
18Emmett Yawners
0%
17Alex Longshadow
0%
8Olek
0%
6Dan Kendall
0%
33Rebecca Bowman
0%
6Dean Xavier
0%
5Benjamin Longshadow
0%
10Elijah Bowman
0%
13Alma
0%
5Gregor
0%
5Mikhail
0%
12Beaty
0%
6The Albino
0%
Number of Episodes Character % Correct
11Nola Longshadow
0%
5Meg Yawners
0%
7Jackson Sperling
0%
5Solomon Bowman
0%
8Miriam Bowman
0%
8Nina Cruz
0%
4Kat Moody
0%
4Dex Moody
0%
4Marcus Moody
0%
4Tom Moody
0%
4Jim Racine
0%
5George Hunter
0%
4Hoyt Rivers
0%
3Janie Kendall
0%
6Juliet
0%
8Alison Medding
0%
14Chayton Littlestone
0%
6Tommy Littlestone
0%
3Matt Sharp
0%
4Hondo
0%
5Julius Bonner
0%
3Fat Au
0%
3Yulish
0%
3Quentin
0%
3Damien Sanchez
0%
7Douglas Stowe
0%
8Billy Raven
0%
9Emily Lotus
0%
6Richard Murphy
0%
Number of Episodes Character % Correct
15Kurt Bunker
0%
5Aimee King
0%
2Platinumm
0%
2Delmont Munson
0%
2Charles Randall
0%
2Frazier
0%
2Robert Dalton
0%
7Leo Fitzpatrick
0%
2Hector Morales
0%
3Karl Yazzie
0%
2Jonah Lambrecht
0%
3James Patrick Whitford
0%
9Calvin Bunker
0%
4Tim Hubbard
0%
5Veronica Dawson
0%
7Maggie Bunker
0%
3Martin Kim
0%
3Hank Bunker
0%
4Helen Vicks
0%
3Pony Joe
0%
3Mark Franklin
0%
4Randall Watts
0%
4Hightower
0%
4Declan Bode
0%
4Lilith Bode
0%
3Lennox
0%
3Jill Francis
0%
2Mitchum
0%
2David Quick
0%
Remove Ads.
Support Sporcle.
Get the best of Sporcle when you Go Orange. This ad-free experience offers more features, more stats, and more fun while also helping to support Sporcle. Thank you for becoming a member.

You're not logged in!

Compare scores with friends on all Sporcle quizzes.
OR
Log In

Sporcle TV

Today on Sporcle TV


Watch our educational content, quiz creation guides, and fun videos on Sporcle TV.

Show Comments

Extras

Top Quizzes Today


Score Distribution

Paid Content

Your Account Isn't Verified!

In order to create a playlist on Sporcle, you need to verify the email address you used during registration. Go to your Sporcle Settings to finish the process.

Report this User

Report this user for behavior that violates our Community Guidelines.

Details: